000 00506nam a2200181Ia 4500
001 7596
005 20260306160507.0
008 260306t2011||||xx |||||||||||||| ||spa||
041 _aESP
082 _a352.1
_bS42 N° 6
100 _aArnao Rondán, Raymundo
_eAUT
245 0 _aLa eficiencia en la gestión pública:
_bel caso de la gestión de inversión pública local en el Perú
260 _c2011
300 _a61 páginas :
_c28 cm.
650 _aGEN
654 _aCAN
942 _cLIB
_dJUS
_fJUS
_2ddc
_n
999 _c7596
_d7596